| 000 | 01340nam a22002897a 4500 | ||
|---|---|---|---|
| 005 | 20240530110444.0 | ||
| 008 | 150426s2010 ua cbf f b 000 0 ara d | ||
| 017 |
_a2010/16494 _bمصر . دار الكتب المصرية |
||
| 020 | _a9789774216340 | ||
| 040 | _aEG-CaGPL | ||
| 082 | 0 | 4 |
_221 _a962.02 _bق/س ع |
| 100 | 1 |
_aسوليه ، روبير _qروبير سوليه |
|
| 245 | 1 | 0 |
_aعلماء بونابرت فى مصر / _cروبير سوليه ؛ ترجمة فاطمة عبدالله محمود ؛ مراجعة و تقديم محمود ماهر طه ؛ تصدير انيس منصور |
| 260 |
_aالقاهرة : _bالهيئة المصرية العامة للكتاب ، _c2010 . |
||
| 300 |
_a294 ص : _bايض ؛ _c24 سم + _eملاحق |
||
| 490 | 0 |
_aسلسلة مصريات ؛ _v8 |
|
| 504 | _aيشتمل على ارجاعات ببليوجرافية | ||
| 650 | 0 | 4 | _aالاثار الفرعونية |
| 651 | 0 | 4 |
_aمصر _xتاريخ _yالحملة الفرنسية ( 1798 - 1801 م ) |
| 651 | 0 | 4 |
_aمحر الحديثة _xتاريخ |
| 651 | 0 | 4 |
_aمصر _xوصف ورحلات |
| 700 | 0 |
_aفاطمة عبدالله محمود _eمترجم |
|
| 700 | 0 |
_aمحمود ماهر طه _eمراجع و مقدم |
|
| 700 | 0 |
_aانيس منصور _eمصدر |
|
| 942 |
_2ddc _cBK |
||
| 999 |
_c61106 _d61106 |
||